00789nam a2200229 a 450000100100000000500170001000800410002702000150006804000250008308200190010810000410012724500660016826000470023430000200028165000340030165000370033591000340037291000070040604900090041395201220042299900150054400000859920200929161353.0850829s1984 pr 000 f spa d a8449978637 aDO-SdBNPcDLCdBNPHU aPR863.4bH557v1 aHernández Pérez, Zenón.91730210aVida de perro :bnovela corta /cZenón Hernández Pérez. aRío Piedras, Puerto Rico :bEdil,c1984. a74 p. ;c20 cm. 4aNovela puertorriqueña91185 4aLiteratura puertorriqueña9250 aCatalogación por copia / LC aWM aBNGR 001054708MOaGRbGRcHDd2009-09-17iLF1l0oPR863.4 H557vp8599-10r2020-06-25w2020-06-25y4ZPréstamo en sala c8369d8369